Las Violaciones a los derechos humanos de 1984 a 1993
Gardado en:
| Formato: | Texto |
|---|---|
| Materias: | |
| Etiquetas: |
Engadir etiqueta
Sen Etiquetas, Sexa o primeiro en etiquetar este rexistro!
|
MARC
| LEADER | 00000 a a2200000 04500 | ||
|---|---|---|---|
| 001 | 5833 | ||
| 003 | |||
| 040 | |||
| 245 | |a Las Violaciones a los derechos humanos de 1984 a 1993 | ||
| 650 | |a DERECHOS HUMANOS | ||
| 650 | |a VIOLENCIA | ||
| 650 | |a ELECCIONES | ||
| 650 | |a AMNISTIA | ||
| 650 | |a DESAPARECIDOS | ||
| 650 | |a TORTURA | ||
| 773 | |g volumen 14, número 603; páginas 11-16 | ||
| 999 | |c 27319 |d 27319 | ||
